Normal view
MARC view
- ISLAM-SAFAR NAMA. ISLAM-ZIARAT-E-MUQADDISAH
Entry Topical Term
001 - CONTROL NUMBER
- control field: 66558
003 - CONTROL NUMBER IDENTIFIER
- control field: NUST
005 - DATE AND TIME OF LATEST TRANSACTION
- control field: 20210628203620.0
008 - FIXED-LENGTH DATA ELEMENTS
- fixed length control field: 210628|| aca||aabn | a|a d
040 ## - CATALOGING SOURCE
- Original cataloging agency: NUST
- Transcribing agency: NUST
150 ## - HEADING--TOPICAL TERM
- Topical term or geographic name entry element: ISLAM-SAFAR NAMA. ISLAM-ZIARAT-E-MUQADDISAH
670 ## - SOURCE DATA FOUND
- Source citation: Work cat.: (NUST): Iftikhar Ahmed Hafiz 66557, Ziarat-e-muqaddisah, iran afghanistan aur pakistan may ziyarat -e-muqaddisah kaw safar, 2000
